00948nam a2200265 a 450000100060000000300080000600500170001400800410003103500190007204000270009104100080011808200240012609000250015009900230017510000310019824500830022926000420031230000330035450400500038765000300043765000480046794200120051599900170052795201380054461240BD-RJUL20211209080934.0170116s1967 enka b 001 0 eng  a(BD-RJUL)61364 aDLCcDLCdBD-RJULbeng aeng 223a658.8bCAI 1967 aHF1009.5b.C359 1979 aHF1009.5.C359 19791 aCateora, Philip R.918267810aInternational marketing :ba comparative systems approach /cPhilip R. Cateora aHomewood, Ill. :bR. D. Irwin,cc1967 axv, 734 p. :bill. ;c24 cm. aIncludes bibliography references and indexes. 0aExport marketing.9182679 0aInternational business enterprises.9175561 2ddccBK c61240d61240 00102ddc40718NFICaRUCLbRUCLcReadingd1974-12-14eJonathang710.00l0o658.8 CAI 1967r2017-01-16 00:00:00tC-1w2017-01-16yBK